000 00257nam a22001217a 4500
008 180228b xxu||||| |||| 00| 0 eng d
041 _aeng
080 _a53
100 _a43
101 _aFIZ
245 _aLIFE SCIENCE PHYSICS
_cKANE.S
942 _2udc
_cBK
999 _c43734
_d43734